Pour une approche de la poésie métrique au XIXe siècle (notice n° 1604104)
[ vue normale ]
| 000 -LEADER | |
|---|---|
| fixed length control field | 01250cam a2200169 4500500 |
| 005 - DATE AND TIME OF LATEST TRANSACTION | |
| control field | 20251228093200.0 |
| 041 ## - LANGUAGE CODE | |
| Language code of text/sound track or separate title | fre |
| 042 ## - AUTHENTICATION CODE | |
| Authentication code | dc |
| 100 10 - MAIN ENTRY--PERSONAL NAME | |
| Personal name | De Cornulier, Benoît |
| Relator term | author |
| 245 00 - TITLE STATEMENT | |
| Title | Pour une approche de la poésie métrique au XIXe siècle |
| 260 ## - PUBLICATION, DISTRIBUTION, ETC. | |
| Date of publication, distribution, etc. | 2008.<br/> |
| 500 ## - GENERAL NOTE | |
| General note | 89 |
| 520 ## - SUMMARY, ETC. | |
| Summary, etc. | Des analyses distributionnelles méthodiques de corpus ont contribué depuis quelques dizaines d’années à améliorer notre connaissance des rythmes réguliers, et notamment des/mètres/, de la poésie littéraire métrique du XIXe siècle. L’analyse métrique d’ensemble, du mètre à la forme globale, est illustrée à propos d’un sonnet des / Fleurs du Mal, / « Les Aveugles ». |
| 520 ## - SUMMARY, ETC. | |
| Summary, etc. | The methodical analysis of the distribution of morphological properties has improved our knowledge of the regular rythms, and particularly of the meters, in the metric literary poetry of the French XIXth century. Global analysis, from meter to the overall form of a poem, is illustrated here by a sonnet from the / Fleurs du Mal, / « Les Aveugles ». |
| 786 0# - DATA SOURCE ENTRY | |
| Note | Romantisme | 140 | 2 | 2008-06-01 | p. 37-52 | 0048-8593 |
| 856 41 - ELECTRONIC LOCATION AND ACCESS | |
| Uniform Resource Identifier | <a href="https://shs.cairn.info/revue-romantisme-2008-2-page-37?lang=fr&redirect-ssocas=7080">https://shs.cairn.info/revue-romantisme-2008-2-page-37?lang=fr&redirect-ssocas=7080</a> |
Pas d'exemplaire disponible.




Réseaux sociaux